000
00302nam a22001217a 4500
008
181011b xxu||||| |||| 00| 0 eng d
041
_a
eng
080
_a
030
100
_a
23
101
_a
ENC
245
_a
Darwin, Lavoisier, William James, Freud, Gilbert.
_c
Britannica Great Books
942
_2
udc
_c
BK
999
_c
49437
_d
49437